City of heavenly tranquility : Beijing in the history of China (Record no. 129857)

MARC details
000 -LEADER
fixed length control field 00769nam a2200229Ia 4500
008 - FIXED-LENGTH DATA ELEMENTS--GENERAL INFORMATION
fixed length control field 191130s2008##################000#0#eng##
020 ## - INTERNATIONAL STANDARD BOOK NUMBER
ISBN 9780195309973
082 ## - DEWEY DECIMAL CLASSIFICATION NUMBER
Classification number 951.156 BEC
100 ## - MAIN ENTRY--AUTHOR NAME
Personal name Becker, Jasper
245 ## - TITLE STATEMENT
Title City of heavenly tranquility : Beijing in the history of China
Statement of responsibility, etc Jasper Becker
260 ## - PUBLICATION, DISTRIBUTION, ETC. (IMPRINT)
Place of publication Oxford
Name of publisher Oxford University Press
Year of publication 2008
300 ## - PHYSICAL DESCRIPTION
Number of Pages viii, 370 p., [16] p. of plates : ill., maps ; 25 cm
500 ## - GENERAL NOTE
General note Includes bibliographical references (p. 327-333) and index
650 ## - SUBJECT ADDED ENTRY--TOPICAL TERM
Topical Term Beijing (China) - Description and travel
Topical Term Beijing (China) - History
Topical Term China - History
991 ## -
-- 244844
Holdings
Withdrawn status Lost status Damaged status Not for loan Home library Current library Shelving location Date acquired Full call number Accession Number Price effective from Koha item type
        Anna Centenary Library Anna Centenary Library 7TH FLOOR, B WING 12.10.2020 951.156 BEC 413535 12.10.2020 English Books

Find us on the map